LEADER 01092nam0 2200277 450 001 000043276 005 20170906110526.0 100 $a20170904d1971----km-y0itaa50------ba 101 0 $ager 102 $aDE 200 1 $aFriedrich Schlegels Poesiebegriff dargestellt anhand der Literaturkritischen Schriften$edie romantische Konzeption einer objektiven Poesie$fFranz Norbert Mennemeier 210 $aMünchen$cFink$d1971 215 $a414 p.$d24 cm. 600 1$aSchlegels,$bFriedrich$xPoetica 676 $a831.09$v(22. ed.)$9Poesia tedesca. Storia, descrizione, studio critico di opere in più d'una forma 702 1$aMennemeier,$bFranz Nobert 801 0$aIT$bUniversità della Basilicata - B.I.A.$gREICAT$2unimarc 912 $a000043276 996 $aFriedrich Schlegels Poesiebegriff dargestellt anhand der Literaturkritischen Schriften$91532008 997 $aUNIBAS BAS $aLETTERE CAT $aMDL$b30$c20170904$lBAS01$h1531 CAT $aMDL$b00$c20170906$lBAS01$h1034 CAT $aSTD114$b01$c20170906$lBAS01$h1101 CAT $aSTD114$b01$c20170906$lBAS01$h1105 FMT LEADER 01023nam0 22002773i 450 001 LO10310918 005 20231121125517.0 100 $a20180301d1960 ||||0itac50 ba 101 | $aita$cita 102 $ait 181 1$6z01$ai $bxxxe 182 1$6z01$an 200 1 $a˜La œreligione nell'URSS 210 $aRoma$aMilano$cOltrecortina$d1960$ePallanza$gTipo-lito Pallanzese 215 $a69 p.$d22 cm. 500 11$a˜La œreligione nell'URSS$3IEI0698600$9291409 606 $aUNIONE SOVIETICA$xRELIGIONI$2FIR$3IEIC077575$9E 676 $a322.10947$9RELAZIONI DELLO STATO CON LE COLLETTIVITA RELIGIOSE. Europa orientale Russia$v21 801 3$aIT$bIT-01$c20180301 850 $aIT-FR0017 899 $aBiblioteca umanistica Giorgio Aprea$bFR0017 $eN 912 $aLO10310918 950 0$aBiblioteca umanistica Giorgio Aprea$d 52DCB Olt.Rel.$e 52SBA0000236585 VMB RS $fA $h20180301$i20180301 977 $a 52 996 $aReligione nell'URSS$9291409 997 $aUNICAS